2023 NCAA Men's Basketball Tournament - Statistics

General Stats
  • This quiz has been taken 261 times
  • The average score is 9 of 16
Answers on the Map
Answers color-coded by a green-red scale on the quiz's map according to % correct below.
 
Answer Stats
Team % Correct
UConn
92%
San Diego State
77%
Florida Atlantic
73%
Miami (FL)
73%
Texas
69%
Alabama
66%
Gonzaga
66%
Michigan State
58%
Houston
57%
UCLA
57%
Kansas State
56%
Arkansas
44%
Creighton
40%
Tennessee
39%
Princeton
28%
Xavier
19%
No matching quizzes found
Score Distribution
Percent of People with Each Score
Percentile by Number Answered
Your Score History
You have not taken this quiz